[Event "Leipzig VfB op 19th"]
[Site "Leipzig"]
[Date "2012.03.07"]
[Round "2"]
[White "Greger, Dominik"]
[Black "Just, Wolfgang"]
[Result "0-1"]
[WhiteElo "1805"]
[BlackElo "2190"]
[PlyCount "22"]
[EventDate "2012.03.06"]
[EventType "swiss"]
[EventRounds "9"]
[EventCountry "GER"]
[SourceTitle "CBM 147 Extra"]
[Source "ChessBase"]
[SourceDate "2012.04.24"]
[SourceVersion "1"]
[SourceVersionDate "2012.04.24"]
[SourceQuality "1"]

1. Nf3 b6 2. d4 Bb7 3. c3 e6 4. Qc2 f5 5. Bg5 Be7 6. Bxe7 Qxe7 7. Nbd2 Nf6 8. e3 c5 9. Bd3 Nc6 10. e4 cxd4 11. cxd4 Nb4 0-1